Geography Quiz

Random Geography or Flags Quiz

Red, White and Blue Flags Quiz Stats

 Plays Quiz Updated Apr 5, 2018

Score 0/22 Timer 04:00
1 Play Today
% Correct
United States
95.7%
France
89.1%
United Kingdom
83.8%
Australia
71.6%
Russia
68.2%
New Zealand
60.1%
Netherlands
57.4%
Norway
44.1%
Luxembourg
37.9%
Cuba
37.7%
Iceland
36.2%
% Correct
Chile
35.5%
Slovakia
33.2%
Czechia
33.1%
Thailand
28.8%
Panama
26.5%
North Korea
25.1%
Liberia
24.3%
Laos
17.3%
Samoa
15.7%
Taiwan
14.8%
Nepal
14.1%

You're not logged in!

Compare scores with friends on all Sporcle quizzes.
OR
Log In

Sporcle TV

Today on Sporcle TV


Watch our educational content, quiz creation guides, and fun videos on Sporcle TV.

Show Comments

Extras

Top Quizzes Today


Score Distribution

Your Account Isn't Verified!

In order to create a playlist on Sporcle, you need to verify the email address you used during registration. Go to your Sporcle Settings to finish the process.

Report this User

Report this user for behavior that violates our Community Guidelines.

Details: